000 00584nam a2200217Ia 4500
003 OSt
005 20220928143410.0
006 a|||||r|||| 00| 0
007 ta
008 220927b |||||||| |||| 00| 0 eng d
024 _a21966
037 _cTextual
040 _aSDCL
_cSDCL
_beng
041 _2eng
_aeng
082 _aE9G,92Z2:f3, N6
100 _aRosenberg Ian M
_9479480
245 0 _aProtein analysis and purification
_b Benchtop techniques.
260 _c1996
942 _hE9G,92Z2:f3, N6
_cTEXL
_2CC
999 _c823988
_d823988